Librarian's guide to online searching
This complete guide provides librarians and students at every level of experience with proven strategies and tools for efficient online searching, covering commonly available subject databases and principles of effective searching
Zapisane w:
| 1. autor: | |
|---|---|
| Format: | Książka |
| Język: | Undetermined |
| Wydane: |
Santa Barbara, California
Libraries Unlimited, an imprint of ABC-CLIO, LLC
2012
|
| Hasła przedmiotowe: | |
| Etykiety: |
Dodaj etykietę
Nie ma etykietki, Dołącz pierwszą etykiete!
|
| Thư viện lưu trữ: | Trung tâm Học liệu Trường Đại học Cần Thơ |
|---|
| LEADER | 00851nam a2200205Ia 4500 | ||
|---|---|---|---|
| 001 | CTU_196318 | ||
| 008 | 210402s9999 xx 000 0 und d | ||
| 020 | |c 1606000 | ||
| 082 | |a 025.04 | ||
| 082 | |b B433 | ||
| 100 | |a Bell, Suzanne S. | ||
| 245 | 0 | |a Librarian's guide to online searching | |
| 245 | 0 | |c Suzanne S. Bell. | |
| 260 | |a Santa Barbara, California | ||
| 260 | |b Libraries Unlimited, an imprint of ABC-CLIO, LLC | ||
| 260 | |c 2012 | ||
| 520 | |a This complete guide provides librarians and students at every level of experience with proven strategies and tools for efficient online searching, covering commonly available subject databases and principles of effective searching | ||
| 650 | |a Database searching,Tìm kiếm cơ sở dữ liệu | ||
| 904 | |i Bằng | ||
| 980 | |a Trung tâm Học liệu Trường Đại học Cần Thơ | ||